000 00420nab a2200145Ia 4500
003 ES-SlBCS
005 20210601125225.0
008 140529s1969 xxu||||| |||| 00| 0 eng d
041 _aeng
100 1 _aPolin, Raymond
_9155328
245 0 4 _aThe Sense of the Human
_c Raymond Polin
650 0 4 _aHombre
_917522
773 0 _tPhilosophy and Phenomenological Research
_gvol. 29, 1969, págs. 536-561
_wRev1411
942 _cAR
999 _c526772
_d526772